Overhaul wanted for green homes (Record no. 73619)

MARC details
000 -LEADER
fixed length control field 01232cam a2200229 4500
001 - CONTROL NUMBER
control field WB3940-02
008 - FIXED-LENGTH DATA ELEMENTS--GENERAL INFORMATION
fixed length control field 031022n2003 000 0 eng u
035 ## - SYSTEM CONTROL NUMBER
System control number (Sirsi) u123965
245 ## - TITLE STATEMENT
Title Overhaul wanted for green homes
260 ## - PUBLICATION, DISTRIBUTION, ETC.
Date of publication, distribution, etc. 2003
490 ## - SERIES STATEMENT
Series statement Planning (for the Natural and Built Environment)
Volume/sequential designation 17 October 2003, 3(1)
520 ## - SUMMARY, ETC.
Summary, etc. A coalition of environmentalists and planners spearheaded by the World Wild Life Fund (WWF) and the Town and Country Planning Association is demanding the planning system and building regulations must be overhauled. The Sustainable Housing Forum argues that the regulations fail to tackle the environmental impact of building materials, energy and water consumption. It advises that regional and local plans should require that all developers reach the Building Research Establishment's EcoHomes 'very good' rating. For the WWF and TCPA press release: http://www.tcpa.org.uk/
590 ## - LOCAL NOTE (RLIN)
Local note WB
650 ## - SUBJECT ADDED ENTRY--TOPICAL TERM
Topical term or geographic name entry element SUSTAINABLE HOUSING FORUM
650 ## - SUBJECT ADDED ENTRY--TOPICAL TERM
Topical term or geographic name entry element WWF
650 ## - SUBJECT ADDED ENTRY--TOPICAL TERM
Topical term or geographic name entry element TOWN AND COUNTRY PLANNING ASSOCIATION
650 ## - SUBJECT ADDED ENTRY--TOPICAL TERM
Topical term or geographic name entry element SUSTAINABLE BUILDING
650 ## - SUBJECT ADDED ENTRY--TOPICAL TERM
Topical term or geographic name entry element PLANNING AUTHORITIES
650 ## - SUBJECT ADDED ENTRY--TOPICAL TERM
Topical term or geographic name entry element CARBON DIOXIDE EMISSIONS
690 ## - LOCAL SUBJECT ADDED ENTRY--TOPICAL TERM (OCLC, RLIN)
Topical term or geographic name as entry element BUILT ENVIRONMENT-BUILDING STANDARDS
942 ## - ADDED ENTRY ELEMENTS (KOHA)
Suppress in OPAC 0
Holdings
Withdrawn status Lost status Source of classification or shelving scheme Damaged status Not for loan Home library Current library Shelving location Date acquired Total Checkouts Full call number Barcode Date last seen Copy number Price effective from Koha item type
    Dewey Decimal Classification     London London News article 22/10/2003   WB3940-02 123965-1001 06/08/2019 1 06/08/2019 News article